[Event "Bar Sozina op"]
[Site "Bar"]
[Date "2005.03.06"]
[Round "3"]
[White "Bajkovic, Nikola"]
[Black "Helin, Mikael"]
[Result "1-0"]
[WhiteElo "2183"]
[BlackElo "1985"]
[PlyCount "57"]
[EventDate "2005.03.04"]
[EventType "swiss"]
[EventRounds "9"]
[EventCountry "YUG"]
[SourceTitle "CBM 105 Extra"]
[Source "ChessBase"]
[SourceDate "2005.05.01"]
[SourceVersion "1"]
[SourceVersionDate "2005.05.01"]
[SourceQuality "1"]

1. d4 c5 2. e3 Qc7 3. Nf3 e6 4. Bd3 Nf6 5. c3 a6 6. 0-0 b6 7. Nbd2 Bb7 8. e4 Ng4 9. h3 h5 10. hxg4 hxg4 11. Ne5 cxd4 12. cxd4 Nc6 13. Qxg4 g5 14. Qxg5 Be7 15. Qg3 Nxd4 16. Ndc4 b5 17. Bf4 Qc5 18. b4 Qxb4 19. Qg7 Rf8 20. Nb6 Rd8 21. Rfe1 d6 22. Ng4 Qc3 23. Bh6 Rb8 24. Rad1 Qc5 25. Nd5 exd5 26. exd5 Bxd5 27. Qxf8+ Kd7 28. Rxe7+ Kc6 29. Qxb8 1-0

[Event "Bar Sozina op"]
[Site "Bar"]
[Date "2005.03.04"]
[Round "1"]
[White "Bajkovic, Nikola"]
[Black "Brenjo, Slavisa"]
[Result "0-1"]
[WhiteElo "2183"]
[BlackElo "2463"]
[PlyCount "92"]
[EventDate "2005.03.04"]
[EventType "swiss"]
[EventRounds "9"]
[EventCountry "YUG"]
[SourceTitle "CBM 105 Extra"]
[Source "ChessBase"]
[SourceDate "2005.05.01"]
[SourceVersion "1"]
[SourceVersionDate "2005.05.01"]
[SourceQuality "1"]

1. d4 Nf6 2. Nf3 g6 3. g3 Bg7 4. Bg2 0-0 5. 0-0 d6 6. c4 Nc6 7. Nc3 a6 8. d5 Na5 9. Nd2 c5 10. Rb1 Nd7 11. Qc2 Rb8 12. b3 b5 13. Bb2 bxc4 14. bxc4 Ne5 15. Nd1 Bf5 16. e4 Bg4 17. Ne3 Rxb2 18. Rxb2 Be2 19. Re1 Bxc4 20. Ndxc4 Naxc4 21. Nxc4 Nxc4 22. Rb3 Qa5 23. Rd1 Na3 24. Qd2 Qa4 25. Rb7 Bf6 26. Rc1 Nb5 27. Qc2 Qa3 28. Rb1 Qa5 29. Qe2 Nc3 30. Qd2 Qa4 31. R1b6 Nxa2 32. Bf1 Nc3 33. e5 Ne4 34. Qd3 dxe5 35. Rxa6 Qd4 36. Qxd4 cxd4 37. Raa7 Rd8 38. Rxe7 Bxe7 39. Rxe7 Nd2 40. Bg2 e4 41. Bxe4 Kf8 42. Re5 Nc4 43. Rg5 f5 44. Bd3 Ne5 45. Be2 d3 46. Bd1 Nf7 0-1